000 00964njm a22002537a 4500
005 20100830140737.0
006 a|||||r|||||00| 0
007 sd ammalaaahaa
008 100830t xxu||||| |||| 00| 0 eng d
028 _aN 15928
_bHis Master's Voice
028 _aOMH 10175
_bHis Master's Voice
035 _aGR-00017
040 _aSED
_cSED
245 _aFlute solo /
_cFlute by Shri Pannalal Ghosh; Tabla by Shri Nikhil Ghosh
_h[sound recording] :
260 _aDum Dum, India
_bHis Master's Voice
300 _a1 sound disc [Gramophone Recording] :
_banalog, 33 1/3 rpm
_c9.5 in. (MP)
_fGramophone Record
500 _aBrief Record
505 _aFlute gat (Thumri Khamaj) -- Flute gat (Dadra)
650 _aClassical music
_zIndia
_917493
_xExcerpts
700 _aGhosh, Pannalal
_917494
700 _aGhosh, Nikhil
_917495
942 _2ddc
_cGR
999 _c43131
_d43131